Phone brands - Statistics

General Stats
  • This quiz has been taken 346 times
  • The average score is 8 of 15
Answer Stats
Hint Answer % Correct
S Samsung
100%
A Apple
95%
N Nokia
75%
H Huawei
74%
X Xiaomi
62%
M Motorola
61%
O Oppo
55%
G Google
53%
L LG
47%
S Sony
40%
L Lenovo
36%
H Honor
34%
O Oneplus
30%
R Realme
22%
H HTC
21%
No matching quizzes found
Score Distribution
Percent of People with Each Score
Percentile by Number Answered
Your Score History
You have not taken this quiz